Abstracts of Soviet and East European emigre periodical literature

Titel: Abstracts of Soviet and East European emigre periodical literature : ASEEPL
Veröffentlicht: Pacific Grove, Calif. : ASEEPL, 1981-1990
Erscheinungsverlauf: 1.1981/82 - 8.1990
Format: Zeitschrift, Zeitung
Sprache: Englisch
Schlagworte:
Frühere/Spätere Titel: Forts.: . Zarubežnaja periodičeskaja pečat' na russkom jazyke
ISSN: 0738-2707
Kein Bild verfügbar
X
Lokale Klassifikation: 41 3 D ; 31 3 D ; 41 10 E ; 44 3 H
alg: 4793825
001A    $06050:20-06-96 
001B    $06050:16-03-19 $t02:35:40.000 
001D    $06050:09-10-15 
001U    $0utf8 
001X    $00 
002@    $0Abvc 
002C    $aText $btxt $2rdacontent 
002D    $aohne Hilfsmittel zu benutzen $bn $2rdamedia 
002E    $aBand $bnc $2rdacarrier 
003@    $0047938250 
003O    $0231043442 $aOCoLC 
005A    $00738-2707 
006Z    $0615017-2 
007A    $0615017-2 $aZDB 
010@    $aeng 
011@    $a1981 $b1990 $n1981-1990 
013D    $RPresse $RFortlaufendes Sammelwerk $#Periodicals $#Yearbooks $#Périodiques $#Annuaires $#Publicaciones periódicas $#journals $#Periodical $#Periodicals as Topic $#Zeitschrift $#Zeitschrift $#Periodikum $#Zeitschriften $74067488-5 $8Zeitschrift [Tsz] $9085189774 
018@    $0u 
021A    $aAbstracts of Soviet and East European emigre periodical literature $dASEEPL 
027A    $aASEEPL 
031@    $a1.1981/82 - 8.1990 
031N    $d1 $j1981/82 $k1990 $n8 
033A    $pPacific Grove, Calif. $nASEEPL 
039C    $aSuppl. $8--Abvc--. Review of Russian emigré books $9067495354 
039E    $aForts. $bs $8--Abvc--. Zarubežnaja periodičeskaja pečat' na russkom jazyke $9048622419 
044K    $qZDB $RRussin $#Russians $#Russes $#Russen $#Russe $#Russkije $#Großrussen $74051034-7 $8Russen [Ts1] $9085142204 
044K    $qZDB $RZeitschrift $RExilpresse $#Exilzeitschriften $#Exil Zeitschrift $74153311-2 $8Exilzeitschrift [Ts1] $9085642975 
044K    $qZDB $#Artikel Zeitschrift $#Aufsatz Zeitschrift $#Zeitschriftenartikel $#Zeitschriftenaufsätze $#Zeitschriftenbeitrag $#Kalendertext $74125424-7 $8Zeitschriftenaufsatz [Ts1] $9085422657 
044K    $qZDB $RVerzeichnis $RInformationsmittel $RKatalog $RLiteraturbericht $RNeuerwerbungsliste $RBibliograf $RBibliografin $#Bibliography $#Bibliographie $#Bibliography, Critical $#Bibliographie critique $#Bibliographie $#Abstract Formschlagwort $#Bücherverzeichnis $#Literaturdokumentation Formschlagwort $#Literaturverzeichnis $#Publikationen Formschlagwort $#Repertorium Bibliografie $#Werke Formschlagwort $#Bibliografien $#Bibliographien $74006432-3 $8Bibliografie [Ts1] $9085009210 
045U    $e890 

lok: 4793825 24
101B    $010-02-05 $t13:31:47.000 
145S/01 $a260 
145Z/01 $a41 3 D 
145Z/02 $a31 3 D 
145Z/03 $a41 10 E 
145Z/04 $a44 3 H 
101U    $0utf8 

exp: 4793825 24 1 #EPN
201B/01 $028-04-04 $t12:36:57.000 
203@/01 $0086033905 
208@/01 $a06-10-98 $bp 
209A/01 $a41 III DZ 6 $f050 $h41 3 DZ 6 $x00 
209E/01 $a1.1981/82 - 2.1983; 3.1984,1-2; 4.1986,2-4; 5.1987 - 8.1990 $x02 
220C/01 $aR. - O//28.04.04 
231@/01 $0 $03 $01984 $0 $04 $01986 $0 $05 $01987 $08 $01990 $d1 $j1981 $k1983 $n2 
247C/01 $8358050-7 Marburg, Bibliothek des Herder-Instituts Marburg $9102600961 
201U/01 $0utf8
LEADER 00000cas a2200000 c 4500
001 047938250
003 DE-603
005 20190316023540.0
007 tu
008 960620d19811990xx u| p| 0 |1eng c
016 7 |2 DE-600  |a 615017-2 
022 |a 0738-2707 
035 |a (DE-599)ZDB615017-2 
035 |a (OCoLC)231043442 
040 |a DE-603  |b ger  |c DE-603  |d DE-603 
041 |a eng 
084 |a 890  |q DE-600  |2 sdnb 
245 0 0 |a Abstracts of Soviet and East European emigre periodical literature  |b ASEEPL 
246 1 3 |a ASEEPL 
264 3 1 |a Pacific Grove, Calif.  |b ASEEPL  |c 1981-1990 
336 |a Text  |b txt  |2 rdacontent 
337 |a ohne Hilfsmittel zu benutzen  |b n  |2 rdamedia 
338 |a Band  |b nc  |2 rdacarrier 
362 0 |a 1.1981/82 - 8.1990 
363 0 0 |8 1.1\x  |a 1  |i 1981/82 
363 1 0 |8 1.2\x  |a 8  |i 1990 
650 7 |a Russen  |0 (DE-588)4051034-7  |0 (DE-603)085142204  |2 gnd 
650 7 |a Exilzeitschrift  |0 (DE-588)4153311-2  |0 (DE-603)085642975  |2 gnd 
650 7 |a Zeitschriftenaufsatz  |0 (DE-588)4125424-7  |0 (DE-603)085422657  |2 gnd 
650 7 |a Bibliografie  |0 (DE-588)4006432-3  |0 (DE-603)085009210  |2 gnd 
655 7 |a Zeitschrift  |2 gnd-content  |0 (DE-588)4067488-5  |0 (DE-603)085189774 
770 0 8 |i Suppl.  |t Review of Russian emigré books  |w (DE-603)067495354  |w (DE-600)1003935-1 
785 0 0 |i Forts.  |t Zarubežnaja periodičeskaja pečat' na russkom jazyke  |w (DE-603)048622419  |w (DE-600)1142787-5 
924 0 |9 Mb 50  |a (DE-603)086033905  |b DE-Mb50  |c HES  |d c  |g 41 III DZ 6  |m 1  |q 1981  |r 2  |v 1983  |w ;  |m 3  |q 1984  |w ;  |m 4  |q 1986  |w ;  |m 5  |q 1987  |r 8  |v 1990  |z 1.1981/82 - 2.1983; 3.1984,1-2; 4.1986,2-4; 5.1987 - 8.1990